[Event "VI Sunway Sitges Open 2019"]
[Site "Sitges"]
[Date "2019.12.16"]
[Round "4.54"]
[White "Stroup, James Howard"]
[Black "Bonnaffe, Xavier"]
[Result "1/2-1/2"]
[WhiteElo "1402"]
[BlackElo "1556"]
[Annotator "NA"]
[PlyCount "72"]
[EventDate "2019.12.13"]
[EventType "swiss"]
[EventCountry "ESP"]
[SourceTitle "playchess.com"]
[Source "ChessBase"]
[SourceQuality "1"]
[TimeControl "40/5400+30:1800+30"]

1. d4 {[%emt 18:47:03]} d5 {[%emt 0:01:14]} 2. Bf4 {[%emt 0:00:10]} Nf6 {[%emt 0:00:47]} 3. e3 {[%emt 0:00:12]} c5 {[%emt 0:00:57]} 4. Nf3 {[%emt 0:00:19]} Nc6 {[%emt 0:00:09]} 5. c3 {[%emt 0:01:11]} Qb6 {[%emt 0:00:08]} 6. Qc1 {[%emt 0:03:12]} Bf5 {[%emt 0:00:22]} 7. Nbd2 {[%emt 0:02:07]} Rc8 {[%emt 0:01:49]} 8. Nh4 {[%emt 0:01:51]} Bg6 {[%emt 0:09:45]} 9. Nxg6 {[%emt 0:02:10]} hxg6 {[%emt 0:00:03]} 10. Bd3 {[%emt 0:00:52]} Nh5 {[%emt 0:02:43]} 11. Bg5 {[%emt 0:02:48]} cxd4 {[%emt 0:00:36]} 12. cxd4 {[%emt 0:01:13]} e6 {[%emt 0:02:26]} 13. Qc2 {[%emt 0:04:26]} Be7 {[%emt 0:12:20]} 14. Bxe7 {[%emt 0:02:35]} Nxe7 {[%emt 0:00:06]} 15. Qa4+ {[%emt 0:03:15]} Nc6 {[%emt 0:04:04]} 16. Qb3 {[%emt 0:04:31]} Qxb3 {[%emt 0:14:20]} 17. Nxb3 {[%emt 0:01:12]} Nb4 {[%emt 0:02:19]} 18. Kd2 {[%emt 0:05:45]} Nxd3 {[%emt 0:02:02]} 19. Kxd3 {[%emt 0:02:43]} b6 {[%emt 0:02:32]} 20. Rac1 {[%emt 0:03:16]} Kd7 {[%emt 0:01:20]} 21. Nd2 {[%emt 0:03:10]} Nf6 {[%emt 0:01:19]} 22. Rxc8 {[%emt 0:02:21]} Rxc8 {[%emt 0:00:20]} 23. h3 {[%emt 0:03:32]} Ne4 {[%emt 0:10:00]} 24. Nxe4 {[%emt 0:01:08]} dxe4+ {[%emt 0:00:04]} 25. Kd2 {[%emt 0:00:22]} Kd6 {[%emt 0:02:13]} 26. Rc1 {[%emt 0:02:39]} Rxc1 {[%emt 0:02:00]} 27. Kxc1 {[%emt 0:00:09]} Kd5 {[%emt 0:01:09]} 28. Kc2 {[%emt 0:01:14]} a5 {[%emt 0:05:29]} 29. a3 {[%emt 0:02:40]} b5 {[%emt 0:01:58]} 30. Kc3 {[%emt 0:02:36]} g5 {[%emt 0:01:07]} 31. b3 {[%emt 0:04:50]} g6 {[%emt 0:01:11]} 32. Kd2 {[%emt 0:04:54]} f6 {[%emt 0:02:13]} 33. Kc2 {[%emt 0:07:20]} b4 {[%emt 0:00:46]} 34. a4 {[%emt 0:02:32]} f5 {[%emt 0:01:00]} 35. Kd2 {[%emt 0:03:27]} e5 {[%emt 0:01:28]} 36. dxe5 {[%emt 0:00:26]} Kxe5 {[%emt 0:00:02]} 1/2-1/2

[Event "VI Sunway Sitges Open 2019"]
[Site "Sitges"]
[Date "2019.12.17"]
[Round "5.1"]
[White "Praggnanandhaa R"]
[Black "Korobov, Anton"]
[Result "0-1"]
[WhiteElo "2586"]
[BlackElo "2668"]
[Annotator "RC"]
[PlyCount "134"]
[EventDate "2019.12.13"]
[EventType "swiss"]
[EventCountry "ESP"]
[SourceTitle "playchess.com"]
[Source "ChessBase"]
[SourceQuality "1"]
[TimeControl "40/5400+30:1800+30"]

1. e4 {[%emt 0:06:20]} c5 {[%emt 0:00:00]} 2. Nf3 {[%emt 0:00:00]} d6 {[%emt 0:00:00]} 3. d4 {[%emt 0:00:00]} cxd4 {[%emt 0:00:00]} 4. Nxd4 {[%emt 0:00:00]} Nf6 {[%emt 0:00:00]} 5. Nc3 {[%emt 0:00:00]} a6 {[%emt 0:00:18]} 6. g3 {[%emt 0:00:00]} e5 {[%emt 0:00:26]} 7. Nde2 {[%emt 0:00:00]} Nbd7 {[%emt 0:00:29]} 8. a4 {[%emt 0:00:00]} Be7 {[%emt 0:02:30]} 9. Bg2 {[%emt 0:00:00]} O-O {[%emt 0:02:31]} 10. O-O {[%emt 0:00:00]} b6 {[%emt 0:00:54]} 11. h3 {[%emt 0:13:07]} h5 12. Nd5 {[%emt 0:04:31]} Nxd5 {[%emt 0:07:04]} 13. Qxd5 {[%emt 0:02:23]} Rb8 {[%emt 0:02:14]} 14. Nc3 {[%emt 0:16:05]} h4 {[%emt 0:09:36]} 15. gxh4 {[%emt 0:27:17]} Nc5 16. Be3 {[%emt 0:14:14]} Be6 {[%emt 0:00:16]} 17. Qd2 {[%emt 0:00:00]} Bxh4 {[%emt 0:15:39]} 18. f4 {[%emt 0:00:00]} exf4 {[%emt 0:08:48]} 19. Bxf4 {[%emt 0:00:00]} Nb7 {[%emt 0:02:58]} 20. Qe3 {[%emt 0:15:44]} Bf6 {[%emt 0:00:25]} 21. Rad1 {[%emt 0:00:00]} Qc7 {[%emt 0:02:02]} 22. Qg3 {[%emt 0:09:57]} Be5 {[%emt 0:03:06]} 23. Bxe5 {[%emt 0:00:00]} dxe5 {[%emt 0:02:23]} 24. h4 {[%emt 0:00:00]} Rbd8 {[%emt 0:03:45]} 25. h5 {[%emt 0:08:12]} Kh7 {[%emt 0:03:14]} 26. Bh3 {[%emt 0:09:27]} Rxd1 {[%emt 0:10:53]} 27. Rxd1 {[%emt 0:00:00]} Nc5 {[%emt 0:01:39]} 28. Rd2 {[%emt 0:00:00]} Qc8 {[%emt 0:06:46]} 29. Rg2 {[%emt 0:00:00]} Rg8 {[%emt 0:00:13]} 30. Bxe6 {[%emt 0:00:00]} Qxe6 {[%emt 0:00:09]} 31. Qg5 {[%emt 0:00:00]} a5 {[%emt 0:02:47]} 32. Kh2 {[%emt 0:00:00]} Kh8 {[%emt 0:00:38]} 33. Qh4 {[%emt 0:00:00]} Qh6 {[%emt 0:01:15]} 34. Nd5 {[%emt 0:00:00]} Ne6 {[%emt 0:01:00]} 35. Ne7 {[%emt 0:04:27]} Re8 {[%emt 0:02:29]} 36. Nf5 {[%emt 0:00:00]} Qf4+ {[%emt 0:00:07]} 37. Qxf4 {[%emt 0:00:00]} exf4 {[%emt 0:00:01]} 38. b3 {[%emt 0:00:00]} Kh7 {[%emt 0:01:15]} 39. Rd2 {[%emt 0:00:00]} Ng5 {[%emt 0:01:07]} 40. Rg2 {[%emt 0:00:00]} f6 {[%emt 0:00:00]} 41. Re2 {[%emt 0:00:00]} Nxe4 {[%emt 0:03:43]} 42. Nd4 {[%emt 0:00:00]} Re5 {[%emt 0:01:00]} 43. Kh3 {[%emt 0:00:00]} Nc3 {[%emt 0:08:48]} 44. Rf2 {[%emt 0:00:00]} Rxh5+ {[%emt 0:04:44]} 45. Kg4 {[%emt 0:00:00]} Re5 {[%emt 0:00:23]} 46. Nc6 {[%emt 0:03:47]} Rc5 {[%emt 0:03:44]} 47. Ne7 {[%emt 0:01:46]} g6 {[%emt 0:01:16]} 48. Rxf4 {[%emt 0:01:49]} Kg7 {[%emt 0:01:03]} 49. Rd4 {[%emt 0:00:10]} Rc7 {[%emt 0:01:17]} 50. Rd3 {[%emt 0:00:18]} Rxe7 {[%emt 0:03:09]} 51. Rxc3 {[%emt 0:00:02]} g5 {[%emt 0:02:15]} 52. Kh5 {[%emt 0:01:02]} Kf7 {[%emt 0:00:29]} 53. Rc4 {[%emt 0:03:25]} Re3 {[%emt 0:01:17]} 54. Rc7+ {[%emt 0:00:26]} Ke6 {[%emt 0:00:42]} 55. Kg6 {[%emt 0:00:14]} Kd6 {[%emt 0:00:58]} 56. Rb7 {[%emt 0:00:47]} Kc6 {[%emt 0:00:02]} 57. Rf7 {[%emt 0:00:11]} Rf3 {[%emt 0:00:29]} 58. Kh5 {[%emt 0:00:24]} Rf4 {[%emt 0:00:45]} 59. c3 {[%emt 0:00:19]} g4 {[%emt 0:00:25]} 60. Kh4 {[%emt 0:00:30]} f5 {[%emt 0:00:24]} 61. Rf8 {[%emt 0:00:18]} Kd5 {[%emt 0:01:01]} 62. b4 {[%emt 0:00:24]} Ke4 {[%emt 0:00:29]} 63. bxa5 {[%emt 0:00:47]} bxa5 {[%emt 0:00:10]} 64. c4 {[%emt 0:00:09]} Kf3 {[%emt 0:00:13]} 65. c5 {[%emt 0:00:14]} g3+ {[%emt 0:00:07]} 66. Kh3 {[%emt 0:00:12]} g2 {[%emt 0:00:06]} 67. Rg8 {[%emt 0:00:05]} Rg4 {[%emt 0:00:06]} 0-1

[Event "VI Sunway Sitges Open 2019"]
[Site "Sitges"]
[Date "2019.12.17"]
[Round "5.2"]
[White "Sethuraman, S.P."]
[Black "Narayanan.S.L"]
[Result "0-1"]
[WhiteElo "2638"]
[BlackElo "2626"]
[Annotator "ChessBase"]
[PlyCount "58"]
[EventDate "2019.12.13"]
[EventType "swiss"]
[EventCountry "ESP"]
[SourceTitle "playchess.com"]
[Source "ChessBase"]
[SourceQuality "1"]
[TimeControl "40/5400+30:1800+30"]

1. e4 {[%emt 0:00:00]} c5 {[%emt 0:00:00]} 2. Nc3 {[%emt 0:00:00]} d6 {[%emt 0:00:00]} 3. d4 {[%emt 0:00:07]} cxd4 {[%emt 0:00:00]} 4. Qxd4 {[%emt 0:00:05]} Nc6 {[%emt 0:00:00]} 5. Qd2 {[%emt 0:00:07]} g6 {[%emt 0:00:00]} 6. b3 {[%emt 0:00:26]} Bh6 {[%emt 0:00:00]} 7. f4 {[%emt 0:00:07]} Nf6 {[%emt 0:00:00]} 8. Bb2 {[%emt 0:00:08]} e5 {[%emt 0:00:06]} 9. g3 {[%emt 0:01:31]} O-O {[%emt 0:00:05]} 10. O-O-O {[%emt 0:00:46]} Re8 {[%emt 0:00:04]} 11. Kb1 {[%emt 0:01:43]} Nd4 {[%emt 0:01:03]} 12. Bg2 {[%emt 0:10:15]} Bg4 {[%emt 0:00:06]} 13. Re1 {[%emt 0:10:50]} a5 {[%emt 0:00:49]} 14. h3 {[%emt 0:03:40]} Bd7 {[%emt 0:00:50]} 15. Nf3 {[%emt 0:02:57]} Nb5 {[%emt 0:00:10]} 16. Qd3 {[%emt 0:06:29]} Nxc3+ {[%emt 0:02:04]} 17. Bxc3 {[%emt 0:00:33]} Qc7 {[%emt 0:00:14]} 18. Bd2 {[%emt 0:12:01]} Bg7 {[%emt 0:01:59]} 19. g4 {[%emt 0:06:06]} exf4 {[%emt 0:19:14]} 20. Bxf4 {[%emt 0:04:01]} Nxe4 {[%emt 0:04:53]} 21. Rxe4 {[%emt 0:00:10]} Rxe4 {[%emt 0:00:07]} 22. Qxe4 {[%emt 0:00:02]} Qc3 {[%emt 0:00:06]} 23. Kc1 {[%emt 0:00:02]} Bb5 {[%emt 0:00:15]} 24. Qxb7 {[%emt 0:10:49]} Rc8 {[%emt 0:08:10]} 25. Ne1 {[%emt 0:18:27]} Re8 {[%emt 0:18:34]} 26. Be4 {[%emt 0:00:00]} Qa1+ {[%emt 0:00:28]} 27. Kd2 {[%emt 0:00:00]} Bc3+ {[%emt 0:00:24]} 28. Ke3 {[%emt 0:00:12]} Qd1 {[%emt 0:00:47]} 29. Nd3 {[%emt 0:00:00]} Qxh1 {[%emt 0:00:29] Kd4} 0-1

[Event "VI Sunway Sitges Open 2019"]
[Site "Sitges"]
[Date "2019.12.17"]
[Round "5.3"]
[White "Donchenko, Alexander"]
[Black "Li, Di"]
[Result "1/2-1/2"]
[WhiteElo "2644"]
[BlackElo "2543"]
[Annotator "ChessBase"]
[PlyCount "61"]
[EventDate "2019.12.13"]
[EventType "swiss"]
[EventCountry "ESP"]
[SourceTitle "playchess.com"]
[Source "ChessBase"]
[SourceQuality "1"]
[TimeControl "40/5400+30:1800+30"]

1. d4 {[%emt 0:00:00]} Nf6 {[%emt 0:00:00]} 2. c4 {[%emt 0:00:00]} g6 {[%emt 0:00:07]} 3. Nc3 {[%emt 0:00:31]} d5 {[%emt 0:00:10]} 4. cxd5 {[%emt 0:00:31]} Nxd5 {[%emt 0:00:08]} 5. e4 {[%emt 0:00:06]} Nxc3 {[%emt 0:00:12]} 6. bxc3 {[%emt 0:00:05]} Bg7 {[%emt 0:00:08]} 7. Bc4 {[%emt 0:00:58]} c5 {[%emt 0:00:30]} 8. Ne2 {[%emt 0:00:12]} Nc6 {[%emt 0:00:06]} 9. Be3 {[%emt 0:00:16]} O-O {[%emt 0:00:17]} 10. O-O {[%emt 0:00:11]} Bg4 {[%emt 0:00:48]} 11. f3 {[%emt 0:01:16]} Bd7 {[%emt 0:07:54]} 12. Rc1 {[%emt 0:08:11]} Rc8 {[%emt 0:07:11]} 13. Qd2 {[%emt 0:17:20]} Qa5 {[%emt 0:06:57]} 14. Qb2 {[%emt 0:25:05]} b5 {[%emt 0:02:53]} 15. Qxb5 {[%emt 0:02:38]} Qxb5 {[%emt 0:11:22]} 16. Bxb5 {[%emt 0:00:00]} Nxd4 17. Nxd4 {[%emt 0:01:52]} Bxd4 {[%emt 0:02:10]} 18. cxd4 {[%emt 0:00:00]} Bxb5 {[%emt 0:00:09]} 19. Rfd1 {[%emt 0:00:00]} cxd4 {[%emt 0:00:09]} 20. Bxd4 {[%emt 0:01:29]} a6 {[%emt 0:01:59]} 21. Kf2 {[%emt 0:01:13]} f6 {[%emt 0:01:53]} 22. Ke3 {[%emt 0:00:47]} h5 {[%emt 0:01:10]} 23. e5 {[%emt 0:00:00]} Kf7 {[%emt 0:00:40]} 24. h4 {[%emt 0:00:00]} Rfd8 {[%emt 0:01:14]} 25. Rxc8 {[%emt 0:00:00]} Rxc8 {[%emt 0:00:06]} 26. exf6 {[%emt 0:00:00]} exf6 {[%emt 0:00:07]} 27. Rd2 {[%emt 0:00:00]} Re8+ {[%emt 0:00:15]} 28. Kf2 {[%emt 0:00:00]} Rd8 {[%emt 0:00:11]} 29. Bc3 {[%emt 0:00:00]} Rxd2+ {[%emt 0:00:07]} 30. Bxd2 {[%emt 0:00:00]} Bc4 {[%emt 0:00:07]} 31. a3 {[%emt 0:00:00]} 1/2-1/2

[Event "VI Sunway Sitges Open 2019"]
[Site "Sitges"]
[Date "2019.12.17"]
[Round "5.4"]
[White "Erigaisi Arjun"]
[Black "Tabatabaei, M.amin"]
[Result "1/2-1/2"]
[WhiteElo "2544"]
[BlackElo "2635"]
[Annotator "ChessBase"]
[PlyCount "75"]
[EventDate "2019.12.13"]
[EventType "swiss"]
[EventCountry "ESP"]
[SourceTitle "playchess.com"]
[Source "ChessBase"]
[SourceQuality "1"]
[TimeControl "40/5400+30:1800+30"]

1. e4 {[%emt 0:00:00]} e5 {[%emt 0:02:55]} 2. Nf3 {[%emt 0:00:00]} Nc6 {[%emt 0:00:05]} 3. d4 {[%emt 0:00:00]} exd4 {[%emt 0:00:06]} 4. Nxd4 {[%emt 0:00:00]} Nf6 {[%emt 0:00:04]} 5. Nxc6 {[%emt 0:00:18]} bxc6 {[%emt 0:00:05]} 6. Bd3 {[%emt 0:00:06]} d5 {[%emt 0:00:06]} 7. Nc3 {[%emt 0:01:36]} Bb4 {[%emt 0:05:30]} 8. exd5 {[%emt 0:00:25]} O-O {[%emt 0:00:12]} 9. O-O {[%emt 0:00:06]} cxd5 {[%emt 0:00:04]} 10. Bg5 {[%emt 0:00:48]} c6 {[%emt 0:05:08]} 11. Qf3 {[%emt 0:00:45]} Be7 {[%emt 0:08:19]} 12. h3 {[%emt 0:06:53]} h6 {[%emt 0:01:16]} 13. Bf4 {[%emt 0:02:19]} Bd6 {[%emt 0:00:13]} 14. Rfe1 {[%emt 0:03:49]} Rb8 {[%emt 0:00:12]} 15. b3 {[%emt 0:01:44]} Be6 {[%emt 0:01:15]} 16. Ne2 {[%emt 0:03:52]} c5 {[%emt 0:00:16]} 17. Rad1 {[%emt 0:04:45]} Re8 {[%emt 0:02:12]} 18. Bxd6 {[%emt 0:03:28]} Qxd6 {[%emt 0:00:15]} 19. Nf4 {[%emt 0:00:30]} Rbd8 {[%emt 0:10:03]} 20. Re2 {[%emt 0:09:55]} g5 {[%emt 0:09:24]} 21. Nxe6 {[%emt 0:20:39]} Rxe6 {[%emt 0:00:55]} 22. g3 {[%emt 0:12:52]} Rxe2 {[%emt 0:01:38]} 23. Qxe2 {[%emt 0:01:53]} Re8 {[%emt 0:05:30]} 24. Qd2 {[%emt 0:02:12]} Qe6 {[%emt 0:03:18]} 25. h4 {[%emt 0:03:35]} gxh4 {[%emt 0:12:50]} 26. Qxh6 {[%emt 0:01:42]} hxg3 {[%emt 0:00:07]} 27. Kg2 {[%emt 0:02:15]} gxf2 {[%emt 0:06:19]} 28. Rh1 {[%emt 0:02:27]} f1=Q+ {[%emt 0:01:54]} 29. Kxf1 {[%emt 0:00:43]} Qe1+ {[%emt 0:00:06]} 30. Kg2 {[%emt 0:00:06]} Re2+ {[%emt 0:00:04]} 31. Bxe2 {[%emt 0:00:05]} Qxe2+ {[%emt 0:00:05]} 32. Kg1 {[%emt 0:00:19]} Qd1+ {[%emt 0:01:19]} 33. Kg2 {[%emt 0:00:48]} Qxc2+ {[%emt 0:00:12]} 34. Kh3 {[%emt 0:00:08]} Qd3+ {[%emt 0:04:51]} 35. Kg2 {[%emt 0:02:28]} Qe2+ {[%emt 0:01:34]} 36. Kg1 {[%emt 0:00:10]} Qe1+ {[%emt 0:00:16]} 37. Kg2 {[%emt 0:00:11]} Qe2+ {[%emt 0:00:04]} 38. Kg1 {[%emt 0:00:07]} 1/2-1/2

[Event "VI Sunway Sitges Open 2019"]
[Site "Sitges"]
[Date "2019.12.17"]
[Round "5.5"]
[White "Vocaturo, Daniele"]
[Black "Moradiabadi, Elshan"]
[Result "1/2-1/2"]
[WhiteElo "2627"]
[BlackElo "2539"]
[Annotator "ChessBase"]
[PlyCount "119"]
[EventDate "2019.12.13"]
[EventType "swiss"]
[EventCountry "ESP"]
[SourceTitle "playchess.com"]
[Source "ChessBase"]
[SourceQuality "1"]
[TimeControl "40/5400+30:1800+30"]

1. e4 {[%emt 0:00:00]} e5 {[%emt 0:00:00]} 2. Nf3 {[%emt 0:00:03]} Nc6 {[%emt 0:00:51]} 3. Bc4 {[%emt 0:00:51]} Bc5 {[%emt 0:00:00]} 4. c3 {[%emt 0:00:43]} Nf6 {[%emt 0:00:30]} 5. d4 {[%emt 0:01:04]} exd4 {[%emt 0:00:00]} 6. e5 {[%emt 0:00:29]} d5 7. Bb5 {[%emt 0:00:00]} Ne4 {[%emt 0:00:00]} 8. cxd4 {[%emt 0:00:40]} Bb6 {[%emt 0:00:00]} 9. Nc3 {[%emt 0:00:57]} O-O 10. Be3 {[%emt 0:01:09]} Bg4 {[%emt 0:00:22]} 11. h3 {[%emt 0:02:30]} Bh5 12. Qc2 {[%emt 0:08:06]} Bxf3 {[%emt 0:10:12]} 13. gxf3 {[%emt 0:00:00]} Ng5 {[%emt 0:00:57]} 14. O-O-O {[%emt 0:01:25]} Nxf3 {[%emt 0:02:21]} 15. Bxc6 bxc6 16. Qe2 {[%emt 0:05:30]} Nh4 {[%emt 0:05:26]} 17. Rhg1 {[%emt 0:00:00]} Qd7 18. Bg5 {[%emt 0:07:05]} Ng6 {[%emt 0:22:32]} 19. h4 {[%emt 0:00:32]} f6 20. exf6 {[%emt 0:12:03]} Rae8 {[%emt 0:10:55]} 21. Qd2 {[%emt 0:08:40]} Rf7 {[%emt 0:03:50]} 22. fxg7 {[%emt 0:05:55]} Ne7 {[%emt 0:15:01]} 23. Bxe7 {[%emt 0:01:35]} Rexe7 {[%emt 0:01:09]} 24. h5 {[%emt 0:03:07]} Rxg7 {[%emt 0:00:00]} 25. h6 {[%emt 0:01:40]} Rg6 {[%emt 0:00:00]} 26. Ne2 {[%emt 0:04:28]} Qf5 {[%emt 0:01:52]} 27. Ng3 {[%emt 0:02:41]} Qf6 {[%emt 0:14:40]} 28. Nh5 {[%emt 0:05:32]} Qxd4 {[%emt 0:00:00]} 29. Rxg6+ {[%emt 0:01:45]} hxg6 {[%emt 0:00:00]} 30. Qc2 {[%emt 0:02:34]} Qc5 {[%emt 0:00:00]} 31. Nf6+ {[%emt 0:00:00]} Kf7 {[%emt 0:03:06]} 32. h7 {[%emt 0:03:50]} Qxc2+ {[%emt 0:00:00]} 33. Kxc2 {[%emt 0:00:00]} Kg7 {[%emt 0:00:00]} 34. Rg1 {[%emt 0:00:15]} Kh8 {[%emt 0:00:00]} 35. Rxg6 {[%emt 0:01:07]} Rg7 36. Rxg7 {[%emt 0:02:33]} Kxg7 {[%emt 0:00:00]} 37. f3 {[%emt 0:00:37]} Bd4 {[%emt 0:05:52]} 38. Nd7 {[%emt 0:08:06]} c5 {[%emt 0:02:16]} 39. b3 {[%emt 0:00:00]} c4 {[%emt 0:00:08]} 40. bxc4 {[%emt 0:00:00]} dxc4 41. a4 {[%emt 0:03:15]} Kxh7 {[%emt 0:03:47]} 42. Nf8+ {[%emt 0:01:45]} Kg8 {[%emt 0:00:04]} 43. Ne6 {[%emt 0:00:06]} Bb6 {[%emt 0:00:04]} 44. Kc3 {[%emt 0:00:17]} Kf7 {[%emt 0:00:02]} 45. Nf4 {[%emt 0:00:22]} Ke7 {[%emt 0:00:06]} 46. Nd5+ {[%emt 0:01:22]} Kd6 {[%emt 0:00:16]} 47. Kxc4 {[%emt 0:00:45]} c6 {[%emt 0:00:09]} 48. Nb4 {[%emt 0:01:44]} a5 {[%emt 0:02:31]} 49. Nd3 {[%emt 0:00:26]} Be3 {[%emt 0:00:06]} 50. Nb2 {[%emt 0:01:44]} Bc1 {[%emt 0:00:37]} 51. Nd1 {[%emt 0:02:44]} Bg5 {[%emt 0:01:50]} 52. Nf2 {[%emt 0:00:41]} Be3 {[%emt 0:00:32]} 53. Nd3 {[%emt 0:04:52]} Bb6 {[%emt 0:00:42]} 54. f4 {[%emt 0:01:07]} Ke6 {[%emt 0:01:12]} 55. Ne5 {[%emt 0:00:30]} Bc7 {[%emt 0:02:01]} 56. Nxc6 {[%emt 0:00:19]} Bxf4 {[%emt 0:00:03]} 57. Nxa5 {[%emt 0:00:06]} Bd2 {[%emt 0:00:06]} 58. Kb5 {[%emt 0:00:26]} Bxa5 {[%emt 0:00:51]} 59. Kxa5 {[%emt 0:00:03]} Kd7 {[%emt 0:00:03]} 60. Kb6 {[%emt 0:00:04]} 1/2-1/2

[Event "VI Sunway Sitges Open 2019"]
[Site "Sitges"]
[Date "2019.12.17"]
[Round "5.6"]
[White "Durarbayli, Vasif"]
[Black "Kelires, Andreas"]
[Result "1/2-1/2"]
[WhiteElo "2609"]
[BlackElo "2510"]
[Annotator "TA"]
[PlyCount "154"]
[EventDate "2019.12.13"]
[EventType "swiss"]
[EventCountry "ESP"]
[SourceTitle "playchess.com"]
[Source "ChessBase"]
[SourceQuality "1"]

{[%evp 28,154,10,22,4,0,22,18,37,20,47,44,63,28,52,58,75,54,91,44,66,60,72,70,67,68,72,60,63,54,86,72,114,122,118,61,61,61,81,91,64,60,58,42,70,57,67,57,57,42,42,42,42,42,42,35,35,35,59,59,59,42,58,42,38,35,35,35,35,35,35,35,35,35,66,0,4,0,0,0,0,0,0,0,31,31,32,0,0,0,0,0,76,76,76,76,76,76,76,76,76,76,76,76,76,76,76,76,76,76,78,83,83,90,90,66,66,0,90,90,104,104,104,104,104,104,104,104,104]} 1. e4 e5 2. Nf3 Nc6 3. Bb5 a6 4. Ba4 Nf6 5. O-O Be7 6. Re1 b5 7. Bb3 d6 8. c3 O-O 9. h3 Nb8 10. d4 Nbd7 11. Nbd2 Bb7 12. Bc2 Re8 13. Nf1 Bf8 14. Bg5 h6 15. Bh4 Qc8 {C95: Closed Ruy Lopez: Breyer Variation with 10 d4} 16. N3d2 g6 17. dxe5 {[#]} dxe5 $146 {The position is equal.} ({Predecessor:} 17... Rxe5 18. f4 Re8 19. e5 dxe5 20. f5 g5 21. Bf2 e4 22. Ng3 e3 23. Rxe3 {0-1 (41) Sutovsky,E (2635)-Svidler,P (2727) Skopje 2015}) 18. a4 c5 19. c4 Bc6 20. Nb3 Re6 21. Na5 bxc4 22. Nd2 Rb8 23. Nxc6 ({But not} 23. Naxc4 Nh5 $11) 23... Qxc6 24. Nxc4 Nb6 25. Bb3 Nxc4 26. Bxc4 Rd6 27. Qc2 Nh5 28. Bg3 Qe8 29. Rad1 Rbd8 30. Rxd6 Rxd6 31. a5 (31. Bh2 $16) 31... Nxg3 $14 32. fxg3 Kg7 33. Rf1 f6 34. Kh2 Be7 35. Rd1 Qc6 36. Rxd6 Bxd6 37. Ba2 c4 $1 38. Qxc4 Qxc4 39. Bxc4 {[%mdl 4096] Endgame KB-KB} Bb4 40. Bxa6 Bxa5 41. Kg1 f5 42. Kf2 Bb6+ 43. Kf3 Kf6 44. Bc4 Ba7 45. Bd5 Bc5 46. Ke2 Bb4 47. Bc6 Ba5 48. Ba4 Bb4 49. Bd1 Kg5 50. Kd3 Bc5 51. Kc4 ({White should try} 51. g4 $14) 51... Bf2 $11 52. exf5 gxf5 53. g4 fxg4 54. Bxg4 Kf4 55. Bd1 Ba7 56. Kd5 e4 57. g4 Bf2 58. b4 e3 59. Ke6 Kg3 (59... Bh4 $11 {remains equal.}) 60. Kf5 $16 Kxh3 {[#]} 61. Kg6 $1 {[%cal Rg6h6]} e2 62. Bxe2 Be3 63. Kf5 Kg3 64. b5 Bg1 65. Bd1 Bf2 66. Bb3 Kf3 67. Bf7 Ke3 68. Ke5 {[#] Strongly threatening Kd6.} Kd3 69. Kd6 {Kc7 is the strong threat.} Kc3 70. Kc7 Bg3+ 71. Kc8 {And now b6 would win.} Bf2 72. Kc7 Bg3+ $1 73. Kb7 {White is better.} Kb4 74. Ka6 Kc5 75. b6 {Black must now prevent Ka7.} Kd6 76. Bg6 {aiming for b7.} Bf2 77. Kb7 Bg1 {Accuracy: White = 74%, Black = 69%.} 1/2-1/2

[Event "VI Sunway Sitges Open 2019"]
[Site "Sitges"]
[Date "2019.12.17"]
[Round "5.7"]
[White "Narayanan, Srinath"]
[Black "Gareyev, Timur"]
[Result "1/2-1/2"]
[WhiteElo "2529"]
[BlackElo "2598"]
[Annotator "ChessBase"]
[PlyCount "61"]
[EventDate "2019.12.13"]
[EventType "swiss"]
[EventCountry "ESP"]
[SourceTitle "playchess.com"]
[Source "ChessBase"]
[SourceQuality "1"]
[TimeControl "40/5400+30:1800+30"]

1. e4 {[%emt 0:03:21]} e5 {[%emt 0:00:00]} 2. Nf3 {[%emt 0:00:05]} Nc6 {[%emt 0:00:04]} 3. Nc3 {[%emt 0:00:05]} Nf6 {[%emt 0:00:31]} 4. d4 {[%emt 0:00:10]} exd4 {[%emt 0:00:38]} 5. Nxd4 {[%emt 0:00:06]} Bb4 {[%emt 0:00:54]} 6. Nxc6 {[%emt 0:00:09]} bxc6 {[%emt 0:00:03]} 7. Bd3 {[%emt 0:00:07]} d5 {[%emt 0:00:05]} 8. exd5 {[%emt 0:00:05]} Qe7+ {[%emt 0:00:36]} 9. Qe2 {[%emt 0:01:17]} Qxe2+ {[%emt 0:00:29]} 10. Kxe2 {[%emt 0:00:09]} cxd5 {[%emt 0:00:49]} 11. Bg5 {[%emt 0:00:47]} c6 {[%emt 0:02:53]} 12. Rhd1 {[%emt 0:20:39]} Ng4 {[%emt 0:17:45]} 13. Bf4 {[%emt 0:00:00]} O-O {[%emt 0:07:02]} 14. Kf1 {[%emt 0:00:00]} f6 {[%emt 0:03:44]} 15. h3 {[%emt 0:20:17]} Ne5 {[%emt 0:00:56]} 16. Be2 {[%emt 0:00:05]} Ng6 {[%emt 0:19:21]} 17. Be3 {[%emt 0:03:55]} f5 {[%emt 0:01:17]} 18. Na4 {[%emt 0:04:06]} f4 {[%emt 0:01:50]} 19. Bc5 {[%emt 0:00:10]} Bxc5 {[%emt 0:10:30]} 20. Nxc5 {[%emt 0:00:03]} Nh4 {[%emt 0:00:54]} 21. f3 {[%emt 0:01:22]} Nf5 {[%emt 0:06:49]} 22. Kf2 {[%emt 0:01:31]} Ne3 {[%emt 0:00:04]} 23. Rd2 {[%emt 0:00:29]} Bf5 {[%emt 0:01:06]} 24. g4 {[%emt 0:13:28]} Bg6 {[%emt 0:01:18]} 25. Rc1 {[%emt 0:03:25]} Rfe8 {[%emt 0:05:21]} 26. Rd4 {[%emt 0:05:04]} Nxc2 {[%emt 0:03:53]} 27. Rxf4 {[%emt 0:00:06]} Rab8 {[%emt 0:00:29]} 28. b3 {[%emt 0:05:41]} Nb4 {[%emt 0:00:42]} 29. a3 {[%emt 0:05:28]} Na2 {[%emt 0:00:03]} 30. Re1 {[%emt 0:00:11]} Nc3 {[%emt 0:01:04]} 31. Ba6 {[%emt 0:01:19]} 1/2-1/2